000 00800nam a2200265 i 4500
001 bg
100 1 _aJackowski, Stefan
_c(telekomunikacja).
245 1 0 _aTelekomunikacja.
_nCz. 1 /
_cStefan Jackowski.
250 _aWyd. 2 popr.
260 _aRadom :
_bPolitechnika Radomska. Wydaw.,
_ccop. 2003.
300 _a344 s. :
_bil. ;
_c23 cm.
500 _aNazwa wydawcy w cop.
504 _aBibliogr.
546 _aStreszcz. ang.
650 9 _aTelekomunikacja
655 _aPodręczniki akademickie
020 _a8373510125
040 _cBPK
041 0 _apol
_beng
080 _a621.39(075.8)
920 _a83-7351-012-5
942 _cKS
008 s pl f |000 0 pol
999 _c44185
_d44185
856 _uhttp://koha.tu.koszalin.pl/cgi-bin/koha/opac-detail.pl?biblionumber=44185
_yKatalog online BPK